banner-ar

كتاب الحيل / (Record no. 43727)

MARC details
000 -الفاتح
حقل البيانات ثابتة الطول 00676nam a2200217Ia 4500
008 - عناصر البيانات ثابتة الطول - معلومات عامة
حقل البيانات ثابتة الطول 140319s9999 xx 000 0 ara d
040 ## - مصدر الفهرسة
وكالة الفهرسة الأصلية GCL /
وكالة النسخ GCL
082 04 - رقم تصنيف ديوى العشرى
رقم التصنيف 620.1
رقم المادة ش ك
100 1# - المدخل الرئيسى - إسم شخصى
الإسم الشخصى احمد يوسف الحسن
245 10 - بيان العنوان
العنوان كتاب الحيل /
بيان المسئوليه,etc احمد يوسف الحسن
700 1# - المدخل الاضافى - اسم شخصى
الإسم الشخصى محمد على خياطة (تحرير)
700 1# - المدخل الاضافى - اسم شخصى
الإسم الشخصى ابن شاكر : موسى
700 1# - المدخل الاضافى - اسم شخصى
الإسم الشخصى مصطفى تعمرى
300 ## - الوصف المادى
التعداد 442 ص
490 ## - بيان السلسلة
عنوان السلسلة سلسلة تاريخ التكنولوجيا
رقم المجلد/ التعيين التسلسلي 0
650 04 - المدخل الاضافى بالموضوع-مصطلح موضوعى
مصطلح موضوعي العلوم عند العرب
650 04 - المدخل الاضافى بالموضوع-مصطلح موضوعى
مصطلح موضوعي العلماء العرب
650 04 - المدخل الاضافى بالموضوع-مصطلح موضوعى
مصطلح موضوعي الهندسة - تاريخ
942 ## - عناصر المدخل الإضافي( كوها)
مصدر التصنيف او مخطط الترفيف Dewey Decimal Classification
Koha [default] item type كتاب
Holdings
حالة التراجع حالة الفقد حالة تلف ليس للاعارة المكان المؤقت الموقع الحالى تاريخ الاكتساب اجمالي اﻻعارات رقم الطلب الباركود تاريخ اخر مشاهدة تاريخ تفعيل السعر نوع وعاء كوها
        مكتبة القاهرة الكبرى مكتبة القاهرة الكبرى 03/26/2014   620.1\ش ك 105959 03/26/2014 03/26/2014 كتاب
        مكتبة القاهرة الكبرى مكتبة القاهرة الكبرى 03/26/2014   620.1\ش ك 105960 03/26/2014 03/26/2014 كتاب
        مكتبة القاهرة الكبرى مكتبة القاهرة الكبرى 03/26/2014   620.1\ش ك 105961 03/26/2014 03/26/2014 كتاب

Powered By

EGPV